MARC

LEADER 00000nam0a2200000 4500
001 262422
005 20231101233642.0
010 |a 528600301X 
020 |a RU  |b 88-23170ж 
035 |a (RuTPU)RU\TPU\book\285405 
090 |a 262422 
100 |a 20140531a1988 k a0rusy5003 ca 
101 0 |a rus 
102 |a RU 
105 |a a z 001zy 
200 1 |a Речная гидрометрия  |f Государственный гидрологический институт (ГГИ) ; под ред. И. Ф. Карасева 
210 |a Ленинград  |c Гидрометеоиздат  |d 1988 
215 |a 90 с.  |c ил. 
225 1 |a Труды Государственного гидрологического института  |x 0371-6872  |v Вып. 325 
320 |a Библиогр. в конце ст. 
606 1 |a Гидрометрия речная  |2 stltpush  |3 (RuTPU)RU\TPU\subj\6766  |9 34570 
610 1 |a гидрологические системы 
610 1 |a стоки рек 
610 1 |a русло 
610 1 |a приливы 
610 1 |a водный баланс 
610 1 |a течение 
610 1 |a расходомеры 
610 1 |a изготовление 
675 |a 627.13  |z rus 
702 1 |a Карасев  |b И. Ф.  |g Иосиф Филиппович  |4 340 
712 0 2 |a Государственный гидрологический институт (ГГИ)  |c (Санкт-Петербург)  |2 stltpush  |3 (RuTPU)RU\TPU\col\7764 
801 0 |a RU  |b RuMRKP  |c 19950417  |g psbo 
801 1 |a RU  |b 63413507  |c 20140531 
801 2 |a RU  |b 63413507  |c 20150302  |g RCR 
942 |c BK